00762cam a2200205 a 450000500170000000800410001704000230005804100080008104400070008908200180009611000140011424501050012826000330023330000330026650000220029965000450032165000640036665000500043071000760048020160504155051.0000601n1999 ck rl 00010 spa d ala cladCO-BoIAVH0 aspa ack04a333.72 bC65c1 aColombia.10aCodigo nacional de los recursos naturales renovables y de proteccion al medio ambiente / cINDERENA. aBogota : bINDERENA, c1999. a99 páginas ; c27 x 13 cm. aIncluye índice. 6aLegislación medioambientalz Colombia. 4aProtección del medio ambientex Legislaciónz Colombia. 6aControl ambientalx Legislaciónz Colombia.2 aInstituto Nacional de los Recursos Naturales Renovables y del Ambiente.